000 00309nam a22001337a 4500
008 171016b xxu||||| |||| 00| 0 eng d
020 _a0135488753
041 _aeng
080 _a331.101.262
100 _a52
101 _aBNJ
245 _aMANAGEMENT ORGANIZATIOnal BEHAVIOR
_cHERSEY.P
942 _2udc
_cBK
999 _c34278
_d34278